| 000 | 00758cam a2200253 a 4500 | ||
|---|---|---|---|
| 003 | MX-MxUPN | ||
| 005 | 20260306093300.0 | ||
| 008 | 991125s1994 mx a gr 000 0 spa | | ||
| 020 | _a9683633811 | ||
| 035 | _aUPN01000004639 | ||
| 040 |
_aMX-MxUPN _bspa |
||
| 041 | 0 | _aspa | |
| 050 | 4 |
_aPQ7297 P27 _bA7 1994 |
|
| 100 | 1 |
_aPayno, Manuel, _d1810-1894 _928602 |
|
| 245 | 1 | 0 | _aArtículos y narraciones |
| 250 | _aSegunda edición | ||
| 260 |
_aMéxico : _bUNAM, _c1994. |
||
| 300 | _axxii, 161 páginas | ||
| 490 | 0 |
_aBiblioteca del estudiante universitario ; _v58 |
|
| 650 | 4 |
_aLiteratura mexicana _ySiglo XIX _95396 |
|
| 700 | 1 |
_aMonterde, Francisco, _d1894-1985 _eselección _eprólogo _929349 |
|
| 902 | _bVìctorGodìnez/060326 | ||
| 942 |
_2lcc _cLIBRO |
||
| 999 |
_c4639 _d4639 |
||